| 000 | 00910nmc a2200337 a 4500 | ||
|---|---|---|---|
| 003 | AR-BaBNM | ||
| 005 | 20251128211542.0 | ||
| 008 | 224120s1992 ||||||||||||||000 | spa|| | ||
| 020 | _a950-550-089-0 | ||
| 040 | _cAR-BaBNM | ||
| 100 | 1 | _aRodríguez, Hugo Luis | |
| 245 | 1 | 0 | _a¿Quién dijo miedo? |
| 250 | _a2ª ed. | ||
| 260 |
_aBuenos Aires _bHLR _c1992 |
||
| 300 |
_a45 p. _bil. |
||
| 490 | 0 | _aDel cometa | |
| 650 | 4 | _aCUENTOS DE AVENTURAS | |
| 650 | 4 | _aLIBROS PARA NINOS | |
| 650 | 4 | _aCUENTOS DE TERROR | |
| 650 | 4 | _aLITERATURA ARGENTINA | |
| 650 | 4 | _aLITERATURA CONTEMPORANEA | |
| 653 | _aLITERATURA JUVENIL | ||
| 655 | _aLITERATURA | ||
| 700 |
_aSaavedra, Gloria _eilustrador |
||
| 700 | 1 |
_aRodriguez, Hugo _eeditor |
|
| 700 | 1 |
_aCáceres, Noemí _eeditor |
|
| 700 | 1 |
_aFicarelli, Lorenzo D. _ediseño |
|
| 700 | 1 |
_aMakar, Alejandro _edirector |
|
| 942 | _cBK | ||
| 998 | _cEugenia | ||
| 999 |
_c20157 _d20157 |
||